[Event "Cseppko op 04th"]
[Site "Aggtelek"]
[Date "1995.??.??"]
[Round "?"]
[White "Harmatosi, Jozsef"]
[Black "Jakob, Simon"]
[Result "1/2-1/2"]
[WhiteElo "2270"]
[BlackElo "2250"]
[PlyCount "100"]
[EventDate "1995.??.??"]
[EventType "swiss"]
[EventRounds "9"]
[EventCountry "HUN"]
[SourceTitle "EXT 1999"]
[Source "ChessBase"]
[SourceDate "1998.11.16"]
[SourceVersion "1"]
[SourceVersionDate "1998.11.16"]
[SourceQuality "1"]

1. d4 Nf6 2. Nf3 e6 3. e3 g6 4. Bd3 Bg7 5. 0-0 0-0 6. Nbd2 d5 7. b3 Re8 8. Bb2 Nbd7 9. c4 c6 10. h3 Qc7 11. Qc2 b6 12. Rfe1 Bb7 13. Rac1 Rac8 14. Qb1 Qb8 15. Qa1 h6 16. b4 g5 17. e4 dxe4 18. Nxe4 Nxe4 19. Bxe4 Qd6 20. c5 Qf4 21. g3 Qb8 22. Bb1 Bf8 23. Bc3 Ba6 24. Qb2 Bc4 25. Qc2 f5 26. Qd1 Bd5 27. Ne5 Nf6 28. g4 f4 29. Qd3 Qb7 30. f3 b5 31. Re2 Qg7 32. Rh2 Nd7 33. Ng6 Be7 34. h4 Bf6 35. hxg5 Bxg5 36. Re1 Rc7 37. Bd2 Bc4 38. Qc3 Qf6 39. a4 a6 40. Bc1 Bd5 41. a5 Kf7 42. Ne5+ Ke7 43. Ba2 Kd8 44. Bxd5 exd5 45. Bb2 Nxe5 46. dxe5 Qe6 47. Qd3 Rf7 48. Bd4 Rfe7 49. Kg2 Kd7 50. Rh5 Rg7 1/2-1/2

[Event "Cseppko op 04th"]
[Site "Aggtelek"]
[Date "1995.??.??"]
[Round "?"]
[White "Jakob, Simon"]
[Black "Arato, Bela"]
[Result "0-1"]
[WhiteElo "2250"]
[BlackElo "2050"]
[PlyCount "56"]
[EventDate "1995.??.??"]
[EventType "swiss"]
[EventRounds "9"]
[EventCountry "HUN"]
[SourceTitle "EXT 1999"]
[Source "ChessBase"]
[SourceDate "1998.11.16"]
[SourceVersion "1"]
[SourceVersionDate "1998.11.16"]
[SourceQuality "1"]

1. e4 c5 2. Nf3 d6 3. d4 cxd4 4. Nxd4 Nf6 5. Nc3 g6 6. Bc4 Bg7 7. Bb3 0-0 8. Be3 Nc6 9. Qd2 Ng4 10. 0-0-0 Nxe3 11. fxe3 Bd7 12. Kb1 Ne5 13. h4 a5 14. a4 Rc8 15. Rdf1 Nc4 16. Qe2 Ne5 17. Rf2 Rxc3 18. bxc3 Qc7 19. Kb2 Rc8 20. Qe1 Nc4+ 21. Kb1 Qc5 22. Rhf1 e5 23. Rxf7 exd4 24. Rxg7+ Kxg7 25. exd4 Qa3 26. Bxc4 Rxc4 27. Qf2 Bf5 28. exf5 Rxa4 0-1

[Event "Cseppko op 04th"]
[Site "Aggtelek"]
[Date "1995.??.??"]
[Round "?"]
[White "Nagy, Kalman"]
[Black "Jakob, Simon"]
[Result "1/2-1/2"]
[WhiteElo "2240"]
[BlackElo "2250"]
[PlyCount "28"]
[EventDate "1995.??.??"]
[EventType "swiss"]
[EventRounds "9"]
[EventCountry "HUN"]
[SourceTitle "EXT 1999"]
[Source "ChessBase"]
[SourceDate "1998.11.16"]
[SourceVersion "1"]
[SourceVersionDate "1998.11.16"]
[SourceQuality "1"]

1. e4 c6 2. d4 d5 3. e5 Bf5 4. Bd3 Bxd3 5. Qxd3 e6 6. f4 c5 7. c3 Nc6 8. Nd2 Qb6 9. Ndf3 cxd4 10. cxd4 Bb4+ 11. Bd2 Nge7 12. Ne2 h5 13. a3 Bxd2+ 14. Qxd2 Nf5 1/2-1/2

[Event "Cseppko op 03rd"]
[Site "Aggtelek"]
[Date "1994.??.??"]
[Round "1"]
[White "Beszterczey, Laszlo"]
[Black "Jakob, Simon"]
[Result "1/2-1/2"]
[WhiteElo "2190"]
[BlackElo "2245"]
[PlyCount "58"]
[EventDate "1994.??.??"]
[EventType "swiss"]
[EventRounds "9"]
[EventCountry "HUN"]
[SourceTitle "EXT 1999"]
[Source "ChessBase"]
[SourceDate "1998.11.16"]
[SourceVersion "1"]
[SourceVersionDate "1998.11.16"]
[SourceQuality "1"]

1. c3 Nf6 2. d3 e5 3. Nf3 Nc6 4. g3 d5 5. Bg2 Be7 6. 0-0 Bg4 7. Bg5 Qd7 8. Nbd2 h6 9. Bxf6 Bxf6 10. Qc2 0-0 11. Rfe1 Rfe8 12. e4 d4 13. c4 a5 14. a3 Bh3 15. Rab1 g5 16. Rf1 Bxg2 17. Kxg2 Kg7 18. Rh1 Ne7 19. h3 Ng6 20. Qd1 h5 21. Nh2 Rh8 22. Qf3 Ra6 23. b3 Be7 24. Ra1 Rh6 25. Qd1 Nf8 26. Ndf3 Ng6 27. Qd2 Qd8 28. b4 a4 29. Qd1 Qd7 1/2-1/2

[Event "Cseppko op 03rd"]
[Site "Aggtelek"]
[Date "1994.??.??"]
[Round "8"]
[White "Jakob, Simon"]
[Black "Dede, Erno"]
[Result "0-1"]
[WhiteElo "2245"]
[BlackElo "2265"]
[PlyCount "84"]
[EventDate "1994.??.??"]
[EventType "swiss"]
[EventRounds "9"]
[EventCountry "HUN"]
[SourceTitle "EXT 1999"]
[Source "ChessBase"]
[SourceDate "1998.11.16"]
[SourceVersion "1"]
[SourceVersionDate "1998.11.16"]
[SourceQuality "1"]

1. e4 Nf6 2. Nc3 d5 3. e5 Nfd7 4. d4 e6 5. f4 c5 6. Nf3 Nc6 7. Ne2 Qb6 8. c3 Be7 9. a3 a5 10. a4 0-0 11. Qc2 f6 12. Be3 cxd4 13. Nexd4 fxe5 14. fxe5 Ndxe5 15. Nxe5 Nxe5 16. 0-0-0 Bc5 17. Be2 Nc6 18. Rhf1 Bd7 19. Bd3 h6 20. Bh7+ Kh8 21. Bxh6 Bxd4 22. cxd4 Ne7 23. Bd2 Qxd4 24. Bg5 Qxa4 25. Bxe7 Rfc8 26. Bc5 Qxc2+ 27. Bxc2 Rxc5 28. Kb1 Kg8 29. Bg6 Be8 30. Bd3 a4 31. Rf4 a3 32. b4 Rc3 33. Be2 Bg6+ 34. Ka1 Rac8 35. Bg4 Rc1+ 36. Rxc1 Rxc1+ 37. Ka2 Bf7 38. Kxa3 e5 39. Rf2 Rc3+ 40. Ka4 e4 41. Kb5 d4 42. Bc8 Rxc8 0-1

[Event "Edeleny op"]
[Site "Edeleny"]
[Date "1994.??.??"]
[Round "5"]
[White "Jakob, Simon"]
[Black "Kiss, Pal"]
[Result "0-1"]
[WhiteElo "2245"]
[BlackElo "2440"]
[PlyCount "116"]
[EventDate "1994.??.??"]
[EventType "swiss"]
[EventRounds "9"]
[EventCountry "HUN"]
[SourceTitle "EXT 2004"]
[Source "ChessBase"]
[SourceDate "2003.11.25"]
[SourceVersion "1"]
[SourceVersionDate "2003.11.25"]
[SourceQuality "1"]

1. e4 c5 2. Ne2 Nc6 3. c4 g6 4. d4 cxd4 5. Nxd4 Bg7 6. Be3 Nf6 7. Nc3 Ng4 8. Qxg4 Nxd4 9. Qd1 Ne6 10. Qd2 Qa5 11. Rc1 b6 12. Bd3 Bb7 13. f3 g5 14. 0-0 h5 15. a3 Bd4 16. Bxd4 Nxd4 17. Qf2 Nb3 18. Rcd1 Qc5 19. Bc2 Na5 20. h3 d6 21. Nb5 Qxf2+ 22. Rxf2 Kf8 23. f4 a6 24. Nd4 gxf4 25. Nf5 Rc8 26. Rxf4 b5 27. Rdf1 Rh7 28. Ne3 bxc4 29. b4 Nc6 30. e5 dxe5 31. Rxc4 Rg7 32. Be4 Nd8 33. Rd1 Ke8 34. Rxd8+ Rxd8 35. Bxb7 Rd2 36. Bxa6 f5 37. Rc2 Rgxg2+ 38. Nxg2 Rxc2 39. Bb7 Kd7 40. a4 Rc4 41. a5 Rxb4 42. a6 Kc7 43. Ne3 e6 44. Bf3 Ra4 45. Bxh5 Rxa6 46. Be2 Ra2 47. Bc4 Ra1+ 48. Kf2 Kd6 49. Be2 Ke7 50. Nc4 Kf6 51. h4 Rh1 52. h5 Rh2+ 53. Kf1 e4 54. Nd6 e3 55. Ne8+ Ke7 56. Nc7 f4 57. Bg4 f3 58. Bxf3 Rf2+ 0-1

[Event "Bern op"]
[Site "Bern"]
[Date "1994.??.??"]
[Round "2"]
[White "Jakob, Simon"]
[Black "Lobron, Eric"]
[Result "0-1"]
[WhiteElo "2245"]
[BlackElo "2570"]
[PlyCount "62"]
[EventDate "1994.02.??"]
[EventType "swiss"]
[EventRounds "9"]
[EventCountry "SUI"]
[SourceTitle "TD"]
[Source "ChessBase"]
[SourceDate "1994.03.01"]
[SourceVersion "1"]
[SourceVersionDate "1994.03.01"]
[SourceQuality "1"]

1. d4 d6 2. c4 Nf6 3. Nc3 Nbd7 4. e4 e5 5. d5 Be7 6. Nge2 h5 7. Ng3 g6 8. Be2 h4 9. Nf1 Nc5 10. Qc2 a5 11. b3 Kf8 12. Ne3 Nh5 13. g3 Bd7 14. Rf1 Kg7 15. Ba3 Bg5 16. Bxc5 hxg3 17. hxg3 dxc5 18. Bxh5 Rxh5 19. f4 exf4 20. gxf4 Rh3 21. Kd2 Bh6 22. Rf2 Qh4 23. Raf1 Re8 24. Ncd1 Rg3 25. Kc1 Bh3 26. Ng2 Qf6 27. Nde3 Bxg2 28. e5 Qe7 29. Qc3 Rxe3 30. Qxe3 Bxf1 31. Rxf1 Qxe5 0-1

[Event "SUI-chT"]
[Site "Switzerland"]
[Date "1994.??.??"]
[Round "7"]
[White "Jakob, Simon"]
[Black "Markovic, M."]
[Result "0-1"]
[WhiteElo "2165"]
[BlackElo "2095"]
[PlyCount "104"]
[EventDate "1994.??.??"]
[EventType "team-tourn"]
[EventRounds "9"]
[EventCountry "SUI"]
[SourceTitle "EXT 2000"]
[Source "ChessBase"]
[SourceDate "1999.11.16"]
[SourceVersion "1"]
[SourceVersionDate "1999.11.16"]
[SourceQuality "1"]

1. d4 Nf6 2. Nf3 g6 3. c4 Bg7 4. Nc3 0-0 5. e4 d6 6. Be2 e5 7. dxe5 dxe5 8. Qxd8 Rxd8 9. Bg5 Re8 10. Nd5 Nxd5 11. cxd5 c6 12. Bc4 cxd5 13. Bxd5 Nd7 14. Nd2 Nc5 15. Nc4 Be6 16. Nd6 Reb8 17. 0-0-0 Bf8 18. Bxe6 Nxe6 19. Be3 b5 20. Kb1 a5 21. Rd2 Ra6 22. Rhd1 Be7 23. g3 Nc7 24. f4 exf4 25. gxf4 Rc6 26. e5 f6 27. exf6 Bxf6 28. Ne4 Re8 29. Nxf6+ Rxf6 30. Rd8 Rfe6 31. Rxe8+ Nxe8 32. Bd4 Rd6 33. Kc2 Kf7 34. b3 Nc7 35. Be5 Rxd1 36. Kxd1 Nd5 37. Kd2 Ke6 38. Bb8 Kf5 39. Kd3 Nb4+ 40. Kc3 Nxa2+ 41. Kd4 Nc1 42. Kc5 Nxb3+ 43. Kxb5 Nd4+ 44. Ka4 Nf3 45. Kxa5 Nxh2 46. Kb4 Nf1 47. Kc3 Ke4 48. Kc2 Kf3 49. Kd1 Ne3+ 50. Ke1 h5 51. f5 gxf5 52. Bh2 h4 0-1

[Event "SUI-chT"]
[Site "Switzerland"]
[Date "1994.??.??"]
[Round "5"]
[White "Jakob, Simon"]
[Black "Mueller, W."]
[Result "1-0"]
[WhiteElo "2165"]
[BlackElo "1990"]
[PlyCount "63"]
[EventDate "1994.??.??"]
[EventType "team-tourn"]
[EventRounds "9"]
[EventCountry "SUI"]
[SourceTitle "EXT 2000"]
[Source "ChessBase"]
[SourceDate "1999.11.16"]
[SourceVersion "1"]
[SourceVersionDate "1999.11.16"]
[SourceQuality "1"]

1. d4 Nf6 2. Nf3 g6 3. c4 Bg7 4. Nc3 d5 5. cxd5 Nxd5 6. e4 Nxc3 7. bxc3 c5 8. Bb5+ Bd7 9. Bxd7+ Qxd7 10. 0-0 0-0 11. Be3 cxd4 12. cxd4 Nc6 13. Rc1 Rfd8 14. d5 Ne5 15. Nxe5 Bxe5 16. Qb3 b6 17. f4 Bg7 18. Rfd1 Rac8 19. Rxc8 Rxc8 20. e5 g5 21. e6 Qd6 22. exf7+ Kxf7 23. fxg5 Be5 24. Qd3 Bxh2+ 25. Kh1 Kg8 26. Rf1 e6 27. g6 Rc7 28. Rf7 Rxf7 29. gxf7+ Kg7 30. Qf1 exd5 31. f8Q+ Qxf8 32. Bh6+ 1-0

[Event "Cseppko op 03rd"]
[Site "Aggtelek"]
[Date "1994.??.??"]
[Round "7"]
[White "Sleisz, Tamas"]
[Black "Jakob, Simon"]
[Result "0-1"]
[WhiteElo "2290"]
[BlackElo "2245"]
[PlyCount "78"]
[EventDate "1994.??.??"]
[EventType "swiss"]
[EventRounds "9"]
[EventCountry "HUN"]
[SourceTitle "EXT 1999"]
[Source "ChessBase"]
[SourceDate "1998.11.16"]
[SourceVersion "1"]
[SourceVersionDate "1998.11.16"]
[SourceQuality "1"]

1. e4 c6 2. d4 d5 3. exd5 cxd5 4. c4 Nf6 5. Nc3 Nc6 6. Nf3 Bg4 7. Be2 e6 8. c5 Be7 9. 0-0 0-0 10. Be3 Rc8 11. b4 Ne4 12. Qb3 f5 13. b5 Na5 14. Qc2 f4 15. Bd2 Bf5 16. Qb2 g5 17. Ne5 Bf6 18. Nxe4 Bxe4 19. f3 Bf5 20. Qb4 Nc4 21. Bc3 Ne3 22. Rfc1 Qe8 23. Nd3 Qg6 24. Nf2 h5 25. Kh1 g4 26. Nd1 Nxg2 27. Nf2 Ne3 28. Bd2 Kh8 29. Qc3 Qg7 30. Rg1 Bxd4 31. Qc1 Rxc5 32. Qe1 Bxa1 33. fxg4 Nxg4 34. Bb4 Bd4 35. Rg2 Bxf2 36. Rxf2 Be4+ 37. Kg1 Qd4 38. Bxc5 Qxc5 39. Qa1+ d4 0-1

[Event "SUI-chT"]
[Site "Switzerland"]
[Date "1993.??.??"]
[Round "?"]
[White "Domont, Alexandre"]
[Black "Jakob, Simon"]
[Result "1-0"]
[WhiteElo "2350"]
[BlackElo "2280"]
[PlyCount "59"]
[EventDate "1993.??.??"]
[EventType "team-tourn"]
[EventRounds "9"]
[EventCountry "SUI"]
[SourceTitle "TD"]
[Source "ChessBase"]
[SourceDate "1994.03.01"]
[SourceVersion "1"]
[SourceVersionDate "1994.03.01"]
[SourceQuality "1"]

1. e4 c5 2. Nf3 Nc6 3. Bb5 d6 4. 0-0 e5 5. c3 a6 6. Bxc6+ bxc6 7. Qa4 Bd7 8. Na3 Nf6 9. d3 Be7 10. Nc4 0-0 11. Bg5 Qc7 12. Nh4 d5 13. Ne3 g6 14. f4 exf4 15. Bxf4 Qb7 16. Bg5 Kg7 17. e5 Ng8 18. Bxe7 Nxe7 19. Qf4 Ng8 20. e6 Bxe6 21. Qe5+ Kh6 22. Rf6 Nxf6 23. Qxf6 Qd7 24. Rf1 Qd8 25. Nhf5+ Bxf5 26. Nxf5+ Kh5 27. Qg7 Kg5 28. h4+ Kg4 29. Ne3+ Kxh4 30. Qh6+ 1-0

[Event "SUI-chT"]
[Site "Switzerland"]
[Date "1993.??.??"]
[Round "?"]
[White "Jakob, Simon"]
[Black "Ernst, Rolf"]
[Result "1-0"]
[WhiteElo "2280"]
[BlackElo "2300"]
[PlyCount "101"]
[EventDate "1993.??.??"]
[EventType "team-tourn"]
[EventRounds "9"]
[EventCountry "SUI"]
[SourceTitle "TD"]
[Source "ChessBase"]
[SourceDate "1994.03.01"]
[SourceVersion "1"]
[SourceVersionDate "1994.03.01"]
[SourceQuality "1"]

1. d4 Nf6 2. Nf3 e6 3. c4 b6 4. g3 Bb7 5. Bg2 Be7 6. Nc3 Ne4 7. Qc2 Nxc3 8. Qxc3 0-0 9. 0-0 d6 10. b3 Nd7 11. Bb2 Be4 12. Nd2 Bxg2 13. Kxg2 e5 14. dxe5 dxe5 15. Rad1 f6 16. Ne4 Qe8 17. Qd3 Nc5 18. Nxc5 Bxc5 19. Qd5+ Kh8 20. Qd7 Qg6 21. f3 Rae8 22. e4 Bd6 23. Qg4 a5 24. Qxg6 hxg6 25. a4 Kg8 26. Rd5 Kf7 27. Rfd1 Re6 28. R1d3 Rfe8 29. Bc1 Bc5 30. Bb2 R6e7 31. Bc3 c6 32. Rd7 Rxd7 33. Rxd7+ Re7 34. Rd8 Ke6 35. f4 exf4 36. gxf4 Rd7 37. f5+ gxf5 38. exf5+ Ke7 39. Rxd7+ Kxd7 40. Kf3 Bg1 41. h3 Kd6 42. Kg4 Ke7 43. b4 axb4 44. Bxb4+ Kf7 45. Kf4 c5 46. Be1 Ke7 47. Bg3 Kd7 48. Kg4 Bd4 49. Kh5 Be5 50. Bxe5 fxe5 51. Kg4 1-0

[Event "Bern op"]
[Site "Bern"]
[Date "1993.??.??"]
[Round "8"]
[White "Jakob, Simon"]
[Black "Klovans, Janis"]
[Result "0-1"]
[WhiteElo "2280"]
[BlackElo "2440"]
[PlyCount "104"]
[EventDate "1993.02.??"]
[EventType "swiss"]
[EventRounds "9"]
[EventCountry "SUI"]
[SourceTitle "TD"]
[Source "ChessBase"]
[SourceDate "1994.03.01"]
[SourceVersion "1"]
[SourceVersionDate "1994.03.01"]
[SourceQuality "1"]

1. d4 Nf6 2. c4 e6 3. Nf3 d5 4. Nc3 Be7 5. Bg5 h6 6. Bh4 0-0 7. e3 b6 8. Rc1 Bb7 9. Bxf6 Bxf6 10. cxd5 exd5 11. Bd3 Nd7 12. 0-0 c5 13. Bf5 g6 14. Bxd7 cxd4 15. Bc6 Bxc6 16. Nxd4 Bb7 17. Qf3 Be5 18. Rfd1 Rc8 19. a3 Qd7 20. h3 h5 21. Rd2 Rfd8 22. Qd1 Qe7 23. Nce2 Rc5 24. b4 Rxc1 25. Qxc1 Rc8 26. Rc2 Rxc2 27. Qxc2 Qd7 28. f4 Bd6 29. Nc1 Ba6 30. Qc3 Bc4 31. Nd3 Qe8 32. Nf2 a5 33. bxa5 bxa5 34. g3 Qa4 35. Nc2 Qb3 36. Qxb3 Bxb3 37. Nd4 a4 38. Nb5 Bc5 39. Kg2 Bxe3 40. Kf3 Bb6 41. Nc3 Kf8 42. Nd3 d4 43. Ne2 Bd5+ 44. Kf2 Ke7 45. Ke1 Kd6 46. Nec1 Ba5+ 47. Ke2 Bc4 48. Kf3 Bd2 49. g4 Kd5 50. f5 hxg4+ 51. hxg4 g5 52. Kf2 Bxc1 0-1

[Event "Bern op"]
[Site "Bern"]
[Date "1992.??.??"]
[Round "2"]
[White "Kveinys, Aloyzas"]
[Black "Jakob, Simon"]
[Result "1-0"]
[WhiteElo "2485"]
[BlackElo "2275"]
[PlyCount "57"]
[EventDate "1992.02.??"]
[EventType "swiss"]
[EventRounds "9"]
[EventCountry "SUI"]
[SourceTitle "CBM 028"]
[Source "ChessBase"]
[SourceDate "1992.06.01"]
[SourceVersion "1"]
[SourceVersionDate "1992.06.01"]
[SourceQuality "1"]

1. e4 c5 2. Nf3 Nc6 3. Bb5 d6 4. c4 Bd7 5. Nc3 Nf6 6. 0-0 e6 7. Qe2 Be7 8. Bxc6 Bxc6 9. d4 0-0 10. Rd1 cxd4 11. Nxd4 Qa5 12. Bf4 Rfd8 13. Rd2 Rac8 14. Rad1 Be8 15. Nc2 Qc5 16. b3 a6 17. Qe3 b5 18. Bxd6 Qxe3 19. Nxe3 Rxd6 20. Rxd6 Bxd6 21. Rxd6 b4 22. e5 bxc3 23. exf6 gxf6 24. Rd3 Bc6 25. f3 Kg7 26. Kf2 f5 27. Rxc3 Rd8 28. Ke2 Kf6 29. Rd3 1-0